Strojárska ročenka 1980
Uložené v:
| Médium: | Kniha |
|---|---|
| Jazyk: | Slovak |
| Vydavateľské údaje: |
Bratislava :
Alfa,
1979
|
| Predmet: | |
| Tagy: |
Žiadne tagy, Buďte prvý, kto otaguje tento záznam!
|
MARC
| LEADER | 00000nam a22000003a 4500 | ||
|---|---|---|---|
| 001 | stu42663 | ||
| 005 | 20150408180515.0 | ||
| 008 | 940512s1979----cs------------------slo-d | ||
| 040 | |a STU |b slo | ||
| 041 | 0 | |a slo | |
| 044 | |a cs | ||
| 080 | |a 621"1980"(058) | ||
| 245 | |a Strojárska ročenka 1980 | ||
| 260 | |a Bratislava : |b Alfa, |c 1979 | ||
| 300 | |a 457 s | ||
| 650 | 7 | |a strojárstvo |2 stusub | |
| 650 | 7 | |a 1980 |2 stusub | |
| 650 | 7 | |a ročenky |2 stusub | |
| 996 | |b 284M048113 |c M*220/1980-1 |l MMKN |s A |a 24 |w stu42663_0001 | ||